[Event "Championnat de France des Jeunes - Mini"]
[Site "Troyes"]
[Date "2010.04.14"]
[Round "5.8"]
[White "Stubbe, Alicia"]
[Black "Alonso, Audrey"]
[Result "0-1"]
[WhiteElo "1649"]
[BlackElo "1782"]
[Annotator "Rivier,Sylvain"]
[PlyCount "57"]

1. e4 e5 2. Nf3 Nc6 3. Bc4 Be7 4. d4 exd4 5. c3 d6 6. Qb3 Na5 7. Bxf7+ Kf8 8.
Qb5 c6 9. Qd3 Kxf7 10. b4 dxc3 11. Nxc3 Bf6 12. O-O Be6 13. bxa5 Ne7 14. Ba3
Qxa5 15. Qxd6 Qxc3 16. e5 Rhd8 17. Rac1 Qa5 18. Bb4 Qxa2 19. Qc5 a6 20. Qc3 c5
21. exf6 gxf6 22. Ba3 Qb3 23. Bb2 Qxc3 24. Rxc3 Nd5 25. Ra3 Nb4 26. Rc1 Ra7 27.
Ne1 Raa8 28. Kf1 Nc6 29. Rf3 {suite illisible} 0-1

[Event "Championnat de France des Jeunes - Mini"]
[Site "Troyes"]
[Date "2010.04.14"]
[Round "5.9"]
[White "Henry, Laura"]
[Black "Turquetille, Annabelle"]
[Result "1/2-1/2"]
[WhiteElo "1680"]
[BlackElo "1630"]
[PlyCount "91"]

1. e4 d5 2. exd5 Qxd5 3. Nc3 Qd6 4. d4 Nf6 5. Nf3 a6 6. Be2 Bf5 7. O-O Nc6 8.
Be3 O-O-O 9. Qc1 e5 10. dxe5 Nxe5 11. Rd1 Nxf3+ 12. Bxf3 Qe7 13. a3 Rxd1+ 14.
Qxd1 Qd6 15. Qe2 Qe7 16. Rd1 Qe6 17. Nd5 Bd6 18. b4 Rd8 19. c4 Bg4 20. Nxf6
Bxf3 21. Qxf3 Qxf6 22. Qg4+ Qe6 23. Qxe6+ fxe6 24. Re1 e5 25. Bg5 Rd7 26. c5
Be7 27. Bxe7 Rxe7 28. f4 e4 29. Kf2 Kd7 30. Ke3 Kc6 31. a4 Kd5 32. Rd1+ Kc4 33.
Rd4+ Kb3 34. Rxe4 Rxe4+ 35. Kxe4 Kxa4 36. f5 Kxb4 37. g4 Kxc5 38. Ke5 Kc6 39.
Ke6 a5 40. g5 a4 41. f6 gxf6 42. gxf6 a3 43. f7 a2 44. f8=Q a1=Q 45. Qf3+ Kb6
46. Qe3+ 1/2-1/2

[Event "Championnat de France des Jeunes - Mini"]
[Site "Troyes"]
[Date "2010.04.14"]
[Round "5.10"]
[White "Gennesseaux, Gabrielle"]
[Black "Aggoune, Audessa"]
[Result "1/2-1/2"]
[WhiteElo "1420"]
[BlackElo "1666"]
[PlyCount "88"]

1. e4 d5 2. exd5 Qxd5 3. Nc3 Qa5 4. d4 c6 5. Nf3 Nf6 6. Bc4 Bg4 7. Bd2 e6 8. h3
Bh5 9. g4 Bg6 10. Ne5 Nbd7 11. Nxg6 hxg6 12. Nd5 Qd8 13. Nxf6+ Qxf6 14. c3 Bd6
15. Qe2 O-O-O 16. O-O-O Nb6 17. Bb3 Nd5 18. Kb1 Rh4 19. c4 Nf4 20. Bxf4 Bxf4
21. d5 exd5 22. cxd5 c5 23. Rd3 Rhh8 24. Rc3 Qd6 25. Qb5 b6 26. Qa6+ Kb8 27.
Rd1 Rhe8 28. Ba4 Re5 29. Bc6 Qc7 30. a4 Re4 31. Rb3 Rb4 32. Rdd3 Qc8 33. Qxc8+
Kxc8 34. Rxb4 cxb4 35. Rf3 g5 36. Kc2 a5 37. Kd3 Kc7 38. Ke4 Rd6 39. h4 f6 40.
Kf5 Bc1 41. b3 gxh4 42. Kg6 Bh6 43. Kh5 Bg5 44. Kg6 Bh6 1/2-1/2

[Event "Championnat de France des Jeunes - Benj"]
[Site "TROYES"]
[Date "2010.04.14"]
[Round "5.1"]
[White "Giroyan, Gary"]
[Black "Kirk, Ezra"]
[Result "1/2-1/2"]
[WhiteElo "2181"]
[BlackElo "1970"]
[PlyCount "0"]

1. d4 Nf6 2. Nc3 g6 3. e4 d6 4. Be3 Bg7 5. Qd2 O-O 6. Nf3 Nbd7 7. Bh6 e5 8.
Bxg7 Kxg7 9. O-O-O Qe7 10. dxe5 dxe5 11. Bc4 c6 12. Bb3 Nc5 13. Rhe1 a5 14. Qd6
Re8 15. Ng5 h6 16. Nf3 a4 17. Bc4 Bg4 18. h3 b5 1/2-1/2

[Event "Championnat de France des Jeunes - Benj"]
[Site "TROYES"]
[Date "2010.04.14"]
[Round "5.2"]
[White "Lamard, Guillaume"]
[Black "Kambrath, Yannick"]
[Result "1-0"]
[WhiteElo "2117"]
[BlackElo "1941"]
[PlyCount "83"]

1. e4 e5 2. Nf3 Nc6 3. Bb5 a6 4. Bxc6 dxc6 5. O-O Bd6 6. d4 exd4 7. Qxd4 f6 8.
Be3 Be6 9. Nbd2 Ne7 10. Nc4 Ng6 11. Nxd6+ cxd6 12. Rad1 d5 13. Qb4 Qc8 14. exd5
Bxd5 15. Nd2 a5 16. Qd4 O-O 17. c4 Bf7 18. Ne4 Qc7 19. Qd6 Qxd6 20. Nxd6 Ne5
21. b3 Rab8 22. Ba7 Ra8 23. Bd4 b5 24. Bxe5 fxe5 25. Nxf7 Kxf7 26. cxb5 cxb5
27. Rd5 b4 28. Rxe5 Rfd8 29. Re2 Rd3 30. g3 a4 31. bxa4 Rxa4 32. Rb1 Rda3 33.
h4 Kf6 34. Kg2 h5 35. Reb2 Kg6 36. Rxb4 Rxa2 37. Rb6+ Kf7 38. Rb7+ Kf6 39.
R1b6+ Kf5 40. Rf7+ Ke5 41. Rxg7 Ra5 42. Rg5+ 1-0

[Event "Championnat de France des Jeunes - Benj"]
[Site "TROYES"]
[Date "2010.04.14"]
[Round "5.3"]
[White "Grandadam, Patrick"]
[Black "Gelas, Christophe"]
[Result "1-0"]
[WhiteElo "2104"]
[BlackElo "2000"]
[PlyCount "75"]

1. Nf3 d5 2. d4 Nf6 3. c4 c6 4. Nc3 dxc4 5. a4 Bf5 6. e3 e6 7. Bxc4 Bb4 8. O-O
Nbd7 9. Qe2 O-O 10. e4 Bg4 11. Bf4 Bxf3 12. Qxf3 Nb6 13. Bb3 Qe7 14. Bg5 h6 15.
Bh4 e5 16. Qf5 Nbd7 17. Bxf6 Nxf6 18. dxe5 Nh7 19. Rfd1 Rad8 20. e6 fxe6 21.
Qxe6+ Qxe6 22. Bxe6+ Kh8 23. Rxd8 Rxd8 24. Rd1 Rxd1+ 25. Nxd1 g6 26. Bc8 b6 27.
Bb7 c5 28. f4 Kg7 29. Kf2 Nf8 30. Bc8 g5 31. f5 Kf6 32. Ke3 Be1 33. Ke2 Ba5 34.
Nf2 h5 35. Nd3 g4 36. e5+ Kg5 37. e6 Kf6 38. Nf4 1-0

[Event "Championnat de France des Jeunes - Benj"]
[Site "TROYES"]
[Date "2010.04.14"]
[Round "5.4"]
[White "Purenne, Benoit"]
[Black "Viennot, Dylan"]
[Result "1-0"]
[WhiteElo "1886"]
[BlackElo "2017"]
[PlyCount "105"]

1. e4 c5 2. Nf3 Nc6 3. d4 cxd4 4. Nxd4 e5 5. Nb5 d6 6. N1c3 a6 7. Na3 b5 8. Nd5
Nge7 9. c4 Nd4 10. Be3 Nxd5 11. cxd5 g6 12. Bd3 Bg7 13. O-O O-O 14. Bxd4 exd4
15. Qd2 f5 16. Nc2 f4 17. f3 Bd7 18. Qf2 Qb6 19. Rfd1 Rac8 20. Rd2 Rc5 21. Rad1
Rfc8 22. Nxd4 Rc1 23. Bf1 g5 24. Rxc1 Rxc1 25. Ne2 Qxf2+ 26. Kxf2 Rc7 27. g3
Be5 28. g4 Kf7 29. h3 a5 30. Ke1 b4 31. Kd1 Bb5 32. Rc2 Rxc2 33. Kxc2 Ke7 34.
b3 Kd8 35. Kd1 Kc7 36. Bg2 Kb6 37. Bf1 Kc5 38. Kc1 Bc3 39. Nxc3 Bxf1 40. Na4+
Kd4 41. Kd2 Bxh3 42. Ke2 h6 43. Nb6 Kc5 44. Nd7+ Kd4 45. Nf6 Ke5 46. Ng8 Bxg4
47. fxg4 Kxe4 48. Nxh6 f3+ 49. Kf2 Kf4 50. Nf7 Kxg4 51. Nxd6 Kf4 52. Ne4 g4 53.
d6 1-0

[Event "Championnat de France des Jeunes - Benj"]
[Site "TROYES"]
[Date "2010.04.14"]
[Round "5.5"]
[White "Macon, Arthur"]
[Black "Bellahcene, Rayane"]
[Result "1-0"]
[WhiteElo "1949"]
[BlackElo "1802"]
[PlyCount "77"]

1. d4 Nf6 2. c4 e6 3. Nf3 Bb4+ 4. Bd2 Qe7 5. g3 O-O 6. Bg2 Bxd2+ 7. Qxd2 d6 8.
Nc3 Nbd7 9. O-O e5 10. e4 Re8 11. Rfe1 Nf8 12. d5 h6 13. b4 N6h7 14. Qe3 f5 15.
c5 Nf6 16. cxd6 cxd6 17. Rac1 fxe4 18. Nd2 a5 19. bxa5 Rxa5 20. Ndxe4 Nxe4 21.
Bxe4 Nd7 22. Bb1 Nf6 23. a4 Bd7 24. Qb6 Rea8 25. Bc2 Be8 26. Bb3 Bf7 27. Nb5
R8a6 28. Qe3 Nxd5 29. Bxd5 Bxd5 30. Rc8+ Kh7 31. Qd3+ e4 32. Qxd5 Qe5 33. Qg8+
Kg6 34. Re8 Qb2 35. Qe6+ Qf6 36. Qxe4+ Kf7 37. Qc4+ d5 38. Qxd5+ Kg6 39. R8e6
1-0

[Event "Championnat de France des Jeunes - Benj"]
[Site "TROYES"]
[Date "2010.04.14"]
[Round "5.6"]
[White "Rouffignac, Tanguy"]
[Black "Grundman, Anatole"]
[Result "0-1"]
[WhiteElo "1885"]
[BlackElo "1742"]
[PlyCount "60"]

1. e4 c5 2. Nf3 d6 3. d4 cxd4 4. Nxd4 Nf6 5. Nc3 a6 6. Be2 e5 7. Nb3 Be7 8. Bg5
Nbd7 9. a4 O-O 10. O-O b6 11. Bc4 Bb7 12. Qe2 Qc7 13. Rad1 Rfc8 14. Nd2 h6 15.
Bxf6 Nxf6 16. Kh1 Qc5 17. Bb3 Rab8 18. f4 Rd8 19. Rf3 b5 20. axb5 axb5 21. Nf1
d5 22. exd5 Nxd5 23. Nxd5 Bxd5 24. Bxd5 Rxd5 25. Rxd5 Qxd5 26. Qxe5 Qb7 27. Rg3
Bf8 28. Ne3 Qd7 29. h3 Rd8 30. Nf5 Qd1+ 0-1

[Event "Championnat de France des Jeunes - Benj"]
[Site "TROYES"]
[Date "2010.04.14"]
[Round "5.7"]
[White "Bach, Anatole"]
[Black "Burmonas, Romain"]
[Result "1-0"]
[WhiteElo "1842"]
[BlackElo "1731"]
[PlyCount "89"]

1. e4 e5 2. Nf3 Nc6 3. Bc4 Be7 4. O-O Nf6 5. Re1 d6 6. c3 Be6 7. Bb5 O-O 8. d4
exd4 9. cxd4 Bg4 10. d5 Ne5 11. Nbd2 c6 12. dxc6 bxc6 13. Be2 Rb8 14. Nxe5 Bxe2
15. Qxe2 dxe5 16. Nf3 Qc7 17. Bg5 Rfd8 18. b3 Nh5 19. Bxe7 Qxe7 20. Rac1 Nf4
21. Qc4 Nd3 22. Qxc6 Nxe1 23. Nxe1 h6 24. Nf3 Rd6 25. Qc3 Rbd8 26. g3 f6 27.
Kg2 Rd3 28. Qa5 Qb7 29. Qa4 Qf7 30. Rc2 R8d7 31. Qa6 Kh7 32. b4 Qg6 33. Qc4 Qg4
34. Ne1 R3d4 35. Qc6 Qxe4+ 36. Nf3 Qxc6 37. Rxc6 Rxb4 38. Rc2 Rdb7 39. Rc3 Rb2
40. a3 R2b3 41. Rc8 Rxa3 42. h4 a5 43. h5 Ra7 44. Nh4 Rd3 45. Ng6 1-0

[Event "Championnat de France des Jeunes - Benj"]
[Site "TROYES"]
[Date "2010.04.14"]
[Round "5.8"]
[White "Le Pen, Steven"]
[Black "Dupouy, Francois"]
[Result "0-1"]
[WhiteElo "1703"]
[BlackElo "1813"]
[PlyCount "74"]

1. e4 e6 2. d4 d5 3. Nc3 Bb4 4. e5 c5 5. a3 Bxc3+ 6. bxc3 Qc7 7. Qg4 f5 8. Qg3
Ne7 9. Ne2 Nbc6 10. Bd2 b6 11. Qxg7 Rg8 12. Qxh7 cxd4 13. Qh5+ Ng6 14. cxd4 Ba6
15. c3 O-O-O 16. Nf4 Bxf1 17. Nxe6 Qd7 18. Nxd8 Bxg2 19. Nxc6 Bxh1 20. Ke2 Be4
21. Nb4 Qb5+ 22. Kd1 a5 23. Nc2 Qd3 24. Ne1 Qc4 25. Qe2 Qb3+ 26. Kc1 Nf4 27.
Qd1 Qc4 28. f3 Nd3+ 29. Nxd3 Bxd3 30. f4 Rg2 31. Kb2 Qb5+ 32. Kc1 Rf2 33. a4
Qc4 34. Ra3 Be4 35. h4 Qd3 36. Ra1 Rf1 37. Qxf1 Qc2# 0-1

[Event "Championnat de France des Jeunes - Benj"]
[Site "TROYES"]
[Date "2010.04.14"]
[Round "5.9"]
[White "Bourgeois, Florian"]
[Black "Chhuon, David"]
[Result "1-0"]
[WhiteElo "1805"]
[BlackElo "1710"]
[PlyCount "59"]

1. e4 c5 2. d4 cxd4 3. Nf3 d6 4. Qxd4 Nc6 5. Bb5 Bd7 6. Bxc6 Bxc6 7. c4 Nf6 8.
Nc3 e6 9. O-O Be7 10. b3 O-O 11. Bb2 a6 12. Rad1 Qc7 13. Rfe1 Rfd8 14. h4 Qa5
15. a3 Qh5 16. Nd5 Bxd5 17. exd5 e5 18. Nxe5 Ne8 19. Nc6 Bf6 20. Nxd8 Rxd8 21.
Qe4 h6 22. Bxf6 Nxf6 23. Qf4 Ng4 24. Rd2 Ne5 25. c5 Ng6 26. Qg3 Nxh4 27. cxd6
Nf5 28. Qc3 Rxd6 29. Re5 Qg4 30. Qc8+ 1-0

[Event "Championnat de France des Jeunes - Benj"]
[Site "TROYES"]
[Date "2010.04.14"]
[Round "5.10"]
[White "Bapst, Valentin"]
[Black "Stili, Karim"]
[Result "1-0"]
[WhiteElo "1828"]
[BlackElo "1660"]
[PlyCount "161"]

1. e4 c5 2. Nf3 Nc6 3. d4 cxd4 4. Nxd4 Nf6 5. Nc3 e5 6. Ndb5 d6 7. Bg5 a6 8.
Na3 b5 9. Bxf6 gxf6 10. Nd5 Bg7 11. c3 O-O 12. Bd3 Ne7 13. Nxe7+ Qxe7 14. O-O
f5 15. Nc2 f4 16. Nb4 Qg5 17. f3 Kh8 18. Qe2 Bf6 19. a4 a5 20. axb5 Bb7 21. Nc6
Bxc6 22. bxc6 Bd8 23. Kh1 Bb6 24. b4 axb4 25. cxb4 Bd4 26. Rxa8 Rxa8 27. Ba6
Bb6 28. Rc1 Qe7 29. b5 Qc7 30. Qe1 Qe7 31. Rd1 Rd8 32. Rc1 Ra8 33. Qb4 Qc7 34.
Qc4 Rd8 35. Qf1 Rg8 36. Ra1 Bd4 37. Rc1 Bb6 38. Qe1 Qe7 39. Rd1 Rd8 40. Qd2 Qc7
41. Qd5 Qe7 42. Rc1 Qc7 43. Rc2 Re8 44. Qd1 Rd8 45. Qe1 Qe7 46. Bb7 Qe6 47. c7
Bxc7 48. Rxc7 Qb3 49. Rc8 Rxc8 50. Bxc8 Qxb5 51. h3 h6 52. Bf5 Qd3 53. Qh4 Kg7
54. Kh2 Qd2 55. Bg4 Qa2 56. Bh5 Qe6 57. Qg4+ Kf6 58. Qxe6+ fxe6 59. h4 Ke7 60.
Kg1 d5 61. Kf2 d4 62. Ke2 Kd6 63. Be8 Kc5 64. Kd3 Kb4 65. Bd7 Kb3 66. Bxe6+ Kb2
67. Bc4 Kc1 68. Bb3 Kb2 69. Bd1 Kc1 70. Be2 Kb2 71. Kc4 Kc2 72. Kd5 Kd2 73. Bb5
Ke3 74. Kxe5 d3 75. Bxd3 Kxd3 76. Kxf4 Ke2 77. e5 Kf2 78. g3 h5 79. e6 Kg2 80.
e7 Kh3 81. e8=Q 1-0

[Event "Championnat de France des Jeunes - Benj"]
[Site "TROYES"]
[Date "2010.04.14"]
[Round "5.1"]
[White "Navrotescu, Andreea-Cristiana"]
[Black "Bellaiche, Elise"]
[Result "1/2-1/2"]
[WhiteElo "1930"]
[BlackElo "1833"]
[PlyCount "0"]

1. d4 Nf6 2. c4 e6 3. Nc3 Bb4 4. Qc2 c5 5. dxc5 O-O 6. Nf3 Na6 7. a3 Bxc3+ 8.
Qxc3 Nxc5 9. e3 Nce4 10. Qc2 b6 11. b4 Bb7 12. Bb2 Rc8 13. Bd3 d5 14. Qe2 Nd6
15. cxd5 Nxd5 16. O-O Nc3 17. Bxc3 Rxc3 18. Rfc1 Bxf3 19. gxf3 Qc7 20. Qd2 Rc8
21. Rd1 Ne8 22. Ba6 Rb8 23. Rac1 Rxc1 24. Rxc1 Qe7 25. Bf1 Rd8 26. Qc2 h6 27.
Bg2 Qd7 28. Qc7 Nd6 29. Qc2 Ne8 1/2-1/2

[Event "Championnat de France des Jeunes - Benj"]
[Site "TROYES"]
[Date "2010.04.14"]
[Round "5.2"]
[White "Likhoded, Victoria"]
[Black "Fischer, Julie"]
[Result "0-1"]
[WhiteElo "1677"]
[BlackElo "1721"]
[PlyCount "118"]

1. c4 d6 2. d4 Nf6 3. Nc3 g6 4. Nf3 Bg7 5. g3 O-O 6. Bg2 c5 7. e3 Nc6 8. O-O
Bg4 9. h3 Bd7 10. b3 Qc8 11. Kh2 a6 12. Bb2 Rb8 13. a4 b6 14. Qd2 Na5 15. Qd1
Qc7 16. Nd5 Nxd5 17. cxd5 Bf5 18. Nd2 cxd4 19. exd4 Rfc8 20. Rc1 Qd8 21. b4
Rxc1 22. Qxc1 Rc8 23. Qa1 Nc4 24. Nb3 Bc2 25. Nc1 Nxb2 26. Qxb2 Bxa4 27. Be4
Bb5 28. Rd1 Rc7 29. Ne2 Bh6 30. f4 f5 31. Bd3 Bxd3 32. Rxd3 Qc8 33. Rc3 Rxc3
34. Qxc3 Qxc3 35. Nxc3 Bg7 36. b5 a5 37. Na4 Bxd4 38. Kg2 Kf7 39. g4 e6 40.
dxe6+ Kxe6 41. Kf3 Kd5 42. Ke2 Kc4 43. Kd2 Kxb5 44. Nc3+ Bxc3+ 45. Kxc3 a4 46.
Kb2 d5 47. gxf5 gxf5 48. h4 d4 49. h5 d3 50. h6 d2 51. Kc2 a3 52. Kxd2 a2 53.
Ke3 a1=Q 54. Kd3 Kc5 55. Kc2 Qd4 56. Kb3 Qc4+ 57. Kb2 Kb4 58. Ka1 Kb3 59. Kb1
Qf1# 0-1

[Event "Championnat de France des Jeunes - Benj"]
[Site "TROYES"]
[Date "2010.04.14"]
[Round "5.3"]
[White "Vignette, Jeanne"]
[Black "Dol, Cecile"]
[Result "1-0"]
[WhiteElo "1568"]
[BlackElo "1610"]
[PlyCount "151"]

1. e4 e6 2. d4 d5 3. Nd2 c5 4. exd5 exd5 5. Ngf3 Nf6 6. c3 cxd4 7. Nxd4 Bc5 8.
N2f3 Be7 9. Bf4 a6 10. Bd3 O-O 11. O-O Nbd7 12. Nf5 Nb6 13. Nxe7+ Qxe7 14. Bg5
Qe5 15. h4 Bd7 16. Re1 Qd6 17. Nd4 Nc4 18. Qc2 h6 19. Bf5 Bxf5 20. Nxf5 Qb6 21.
b3 Na3 22. Qc1 Nb5 23. Ne7+ Kh8 24. Bxf6 Qxf6 25. Nxd5 Qc6 26. c4 Nd6 27. Re7
Rac8 28. Qf4 Rfe8 29. Rae1 Qd7 30. Kf1 Rxe7 31. Rxe7 Qd8 32. Qg4 b5 33. Rd7 Qf8
34. Rxd6 Qxd6 35. Qxc8+ Kh7 36. Qf5+ Kg8 37. cxb5 axb5 38. g3 Qa3 39. Qc2 Qd6
40. Nc7 Qd7 41. Na6 Qh3+ 42. Kg1 Qe6 43. Nc7 Qe1+ 44. Kg2 Qe5 45. f4 Qh5 46. a4
bxa4 47. bxa4 Qa5 48. Nb5 Qa8+ 49. Kf2 Qd8 50. Kf3 Qd5+ 51. Qe4 Qd1+ 52. Ke3
Qe1+ 53. Kd4 Qb4+ 54. Kd5 Qb3+ 55. Qc4 Qf3+ 56. Kc5 Qe3+ 57. Kb4 Qe1+ 58. Nc3
Qe7+ 59. Kb3 Qb7+ 60. Qb4 Qd7 61. Ka3 Qd2 62. Qb2 Qd6+ 63. Ka2 Qe6+ 64. Qb3 Qd6
65. Qd5 Qb6 66. a5 Qf2+ 67. Kb3 Qg1 68. Qd8+ Kh7 69. a6 Qa7 70. Qd3+ Kg8 71.
Qb5 Qe7 72. Qb8+ Kh7 73. f5 Qf6 74. a7 Qxf5 75. a8=Q Qe6+ 76. Qd5 1-0

[Event "Championnat de France des Jeunes - Benj"]
[Site "TROYES"]
[Date "2010.04.14"]
[Round "5.4"]
[White "Bertrand, Meryl"]
[Black "Rigolot, Lucie"]
[Result "1-0"]
[WhiteElo "1632"]
[BlackElo "1900"]
[PlyCount "59"]

1. e4 c5 2. Nf3 a6 3. c4 e6 4. d4 cxd4 5. Nxd4 Nf6 6. Bd3 Nc6 7. Nxc6 dxc6 8.
Be3 e5 9. h3 Be6 10. O-O Be7 11. Nc3 Nd7 12. Qe2 Bc5 13. b3 Bd4 14. Rac1 Nc5
15. Rfd1 Qh4 16. Bb1 Bxe3 17. Qxe3 Qe7 18. Rd2 O-O 19. Rcd1 a5 20. Bc2 Nd7 21.
Kh1 Nf6 22. Qg3 Qc7 23. Rd6 Rfe8 24. Qe3 h6 25. R1d2 Nh5 26. Ne2 Nf4 27. Kh2
Ng6 28. Kh1 Nf4 29. Kh2 Kh8 30. Qc3 1-0

[Event "Championnat de France des Jeunes - Benj"]
[Site "TROYES"]
[Date "2010.04.14"]
[Round "5.5"]
[White "Canterel, Cecile"]
[Black "Dieuleveut, Floriane"]
[Result "0-1"]
[WhiteElo "1840"]
[BlackElo "1613"]
[PlyCount "114"]

1. d4 Nf6 2. c4 g6 3. Nf3 Bg7 4. Nc3 O-O 5. g3 a6 6. Bg2 c5 7. O-O cxd4 8. Nxd4
Nc6 9. Nf3 d6 10. e4 Na5 11. Qd3 Bg4 12. Rb1 Qc8 13. b3 Bh3 14. Re1 Bxg2 15.
Kxg2 Nc6 16. Ba3 Nd7 17. Qe3 Nde5 18. Bb2 Nb4 19. Nd5 Nxd5 20. exd5 Nxf3 21.
Qxf3 Qd7 22. Bxg7 Kxg7 23. Qc3+ f6 24. f4 Rfe8 25. Re2 b5 26. Rc1 Kf8 27. Qd2
bxc4 28. Rxc4 Qb7 29. Kf1 Rac8 30. Qb2 Qxd5 31. Rce4 Kf7 32. Kg1 Qc5+ 33. Kg2
Qc3 34. Qa3 Qc6 35. Kf2 Qc5+ 36. Qxc5 Rxc5 37. Ra4 a5 38. Rd4 Rec8 39. Rde4 e5
40. fxe5 dxe5 41. Kf3 Rc3+ 42. R4e3 Rxe3+ 43. Rxe3 Rc2 44. Re2 Rc3+ 45. Re3
Rxe3+ 46. Kxe3 Ke6 47. a3 Kd5 48. h3 f5 49. h4 h6 50. b4 axb4 51. axb4 Kc4 52.
b5 Kxb5 53. Kf3 Kc4 54. Ke3 Kc3 55. Ke2 Kd4 56. Kd2 h5 57. Ke2 Ke4 0-1

[Event "Championnat de France des Jeunes - Benj"]
[Site "TROYES"]
[Date "2010.04.14"]
[Round "5.6"]
[White "Bekhouche, Marion"]
[Black "Legrand, Claire"]
[Result "1-0"]
[WhiteElo "1707"]
[BlackElo "1600"]
[PlyCount "99"]

1. d4 d6 2. c4 Nf6 3. Nc3 Nbd7 4. e4 e5 5. Nf3 Be7 6. Be2 O-O 7. O-O c6 8. Qc2
Qc7 9. Rd1 b6 10. Bg5 Bb7 11. Rac1 Rfd8 12. Bh4 Rac8 13. c5 bxc5 14. dxe5 Nxe5
15. Nxe5 dxe5 16. Na4 Rd4 17. Bxf6 gxf6 18. Bg4 Rcd8 19. Bf5 Ba6 20. Qb3 Rd3
21. Rxd3 Rxd3 22. Nc3 Qb6 23. Bxh7+ Kg7 24. Qxb6 axb6 25. Bf5 Rd2 26. b3 b5 27.
h4 Rd8 28. Re1 Bc8 29. Re3 Bxf5 30. exf5 Rh8 31. Rg3+ Kf8 32. Rh3 Bd6 33. Ne4
Ke7 34. h5 Rh6 35. g4 c4 36. bxc4 bxc4 37. Rc3 Kd7 38. Rxc4 Ba3 39. Ra4 Be7 40.
Ra7+ Kd8 41. a4 c5 42. Kf1 Rh7 43. a5 Rg7 44. f3 c4 45. Ke2 Bb4 46. Kd1 Kc8 47.
a6 c3 48. Kc2 Rh7 49. Nxf6 Rh6 50. g5 1-0

[Event "Championnat de France des Jeunes - Benj"]
[Site "TROYES"]
[Date "2010.04.14"]
[Round "5.7"]
[White "Sourice, Nolwenn"]
[Black "Nolot, Clementine"]
[Result "0-1"]
[WhiteElo "1540"]
[BlackElo "1672"]
[PlyCount "74"]

1. e4 e5 2. Nf3 Nc6 3. Bc4 Bc5 4. d3 Nf6 5. Nc3 d6 6. Bg5 h6 7. Bh4 g5 8. Bg3
Bg4 9. h3 Bh5 10. Qd2 Bxf3 11. gxf3 Nd4 12. Qd1 Qd7 13. h4 O-O-O 14. Rg1 Rhg8
15. Rh1 Nh5 16. Nd5 c6 17. Ne3 Nxg3 18. fxg3 gxh4 19. c3 Nxf3+ 20. Qxf3 Rxg3
21. Qf6 Rxe3+ 22. Kd2 Qg4 23. Rh2 Rf3 24. Qe7 Qg5+ 25. Qxg5 hxg5 26. Re1 Rg8
27. Ke2 Re3+ 28. Kd2 Rxe1 29. Kxe1 Rg7 30. Rh3 g4 31. Rxh4 g3 32. Rh8+ Kc7 33.
d4 g2 34. Bf1 g1=Q 35. dxc5 Qe3+ 36. Kd1 Qf2 37. Be2 Rg2 0-1

[Event "Championnat de France des Jeunes - Benj"]
[Site "TROYES"]
[Date "2010.04.14"]
[Round "5.8"]
[White "Rei-Rosa, Sophie"]
[Black "Sriskantharajah, Niruja"]
[Result "0-1"]
[WhiteElo "1660"]
[BlackElo "1581"]
[PlyCount "118"]

1. d4 d5 2. Bf4 Nf6 3. e3 e6 4. Bd3 c5 5. c3 Nc6 6. Nd2 Be7 7. Ngf3 O-O 8. Qe2
Qb6 9. Rb1 Bd7 10. O-O Rac8 11. Ne5 Rfd8 12. Ndf3 h6 13. Rfe1 a6 14. Nxd7 Nxd7
15. e4 cxd4 16. exd5 exd5 17. Nxd4 Bf6 18. Nf5 Nde5 19. Bc2 d4 20. Bxe5 Bxe5
21. Qg4 g6 22. Nxh6+ Kg7 23. Nf5+ Kf8 24. cxd4 Bxd4 25. Nxd4 Nxd4 26. Bd3 Qd6
27. Rbd1 Qf6 28. b3 Rc3 29. Be4 b5 30. Rc1 Rxc1 31. Rxc1 Kg7 32. g3 Re8 33. Bd3
Nf3+ 34. Kh1 Rh8 35. h3 Ne5 36. Qe2 Rxh3+ 37. Kg2 Rh8 38. Be4 Rd8 39. f4 Nd7
40. Rc6 Qd4 41. Rxa6 Nc5 42. Bb7 Nxa6 43. Bxa6 Qd2 44. Kf3 Rd3+ 45. Kf2 Qxe2+
46. Kxe2 Rd5 47. Ke3 Kf6 48. g4 Ke7 49. a3 Kd6 50. b4 Kc6 51. Bc8 Kc7 52. Ba6
Kb6 53. Bc8 Rd8 54. Bf5 gxf5 55. gxf5 Kc6 56. Ke4 f6 57. Ke3 Kd5 58. Kd2 Ra8
59. Ke2 Rxa3 0-1

[Event "Championnat de France des Jeunes - Benj"]
[Site "TROYES"]
[Date "2010.04.14"]
[Round "5.9"]
[White "Abidi, Hasma"]
[Black "Desarnaud, Manon"]
[Result "1-0"]
[WhiteElo "1740"]
[BlackElo "1570"]
[PlyCount "81"]

1. d4 d5 2. Nf3 Nf6 3. Bf4 Bf5 4. c4 c6 5. e3 e6 6. Nc3 Nbd7 7. Be2 dxc4 8.
Bxc4 b5 9. Be2 a6 10. h3 c5 11. dxc5 Nxc5 12. Nd4 Rc8 13. Nxf5 exf5 14. O-O Be7
15. Qxd8+ Rxd8 16. Rfd1 O-O 17. Rac1 Nfe4 18. Nd5 Rd7 19. Nxe7+ Rxe7 20. f3 h6
21. fxe4 Nxe4 22. Bf3 g5 23. Bh2 Rfe8 24. Rc6 Re6 25. Rxe6 Rxe6 26. Bxe4 fxe4
27. Rd6 Rxd6 28. Bxd6 f5 29. Kf2 Kf7 30. g4 fxg4 31. hxg4 Kg6 32. Ke2 h5 33.
gxh5+ Kxh5 34. Kd2 Kg4 35. Kc3 Kf3 36. Kd4 a5 37. b3 g4 38. a4 bxa4 39. bxa4 g3
40. Bxg3 Kxg3 41. Kxe4 1-0

[Event "Championnat de France des Jeunes - Benj"]
[Site "TROYES"]
[Date "2010.04.14"]
[Round "5.10"]
[White "Lucas, Maurane"]
[Black "Nourani, Maral"]
[Result "0-1"]
[WhiteElo "1530"]
[BlackElo "1690"]
[PlyCount "130"]

1. d4 d5 2. Nf3 e6 3. e3 c6 4. Nbd2 f5 5. c4 Nf6 6. Be2 Be7 7. O-O O-O 8. Ne5
Nbd7 9. Ndf3 Qc7 10. Qc2 Bd6 11. Nxd7 Bxd7 12. c5 Be7 13. Ne5 Be8 14. Bd2 Nd7
15. f4 Nxe5 16. fxe5 Bg6 17. Qd1 b6 18. b4 a5 19. a3 axb4 20. axb4 b5 21. Bh5
Bf7 22. Bxf7+ Kxf7 23. Qh5+ Kg8 24. Rac1 Qc8 25. Rf3 Qe8 26. Qh3 Qf7 27. Rcf1
Ra2 28. Be1 Rfa8 29. R3f2 Rxf2 30. Bxf2 Ra3 31. Re1 Rb3 32. Ra1 Rxb4 33. Bh4 h6
34. Bxe7 Qxe7 35. Qg3 Qg5 36. Qxg5 hxg5 37. h3 Ra4 38. Rf1 Ra3 39. Rf3 b4 40.
Rf2 Rxe3 41. Rb2 b3 42. Kf2 Rc3 43. Ke1 Rd3 44. Ke2 Rxd4 45. Rxb3 Re4+ 46. Kf3
Rxe5 47. Rb6 d4 48. Rxc6 d3 49. Rd6 Rxc5 50. Rxd3 e5 51. Re3 e4+ 52. Kf2 Re5
53. g3 Rd5 54. Ke2 Rd6 55. g4 g6 56. Kf2 Rd3 57. Rxd3 exd3 58. Ke3 Kf7 59. Kxd3
Kf6 60. Ke3 Ke5 61. gxf5 gxf5 62. Kf3 Kd4 63. Kg3 Ke3 64. Kg2 Ke2 65. Kg3 f4+
0-1

[Event "Championnat de France des Jeunes - Pupi"]
[Site "TROYES"]
[Date "2010.04.14"]
[Round "5.1"]
[White "Bellahcene, Bilel"]
[Black "Msellek, Ilyass"]
[Result "1/2-1/2"]
[WhiteElo "2072"]
[BlackElo "1970"]
[PlyCount "0"]

1. e4 c5 2. Nf3 d6 3. d4 cxd4 4. Nxd4 Nf6 5. Nc3 a6 6. Bg5 Nbd7 7. f4 b5 8. Qe2
e5 9. Nc6 Qc7 10. Nb4 Bb7 11. O-O-O h6 12. Bxf6 Nxf6 13. Nbd5 Nxd5 14. Nxd5
Bxd5 15. Rxd5 Be7 16. g3 Bf6 17. Qd3 O-O 18. Bh3 b4 19. Kb1 Rfd8 20. Rd1 a5 21.
Rb5 Rab8 22. Rxb8 Qxb8 23. Qd5 Qb6 24. Bf1 Rc8 25. Bc4 Qc7 26. Bb3 Rd8 27. f5
Qa7 28. h4 Rf8 29. Qd3 a4 30. Bc4 a3 31. b3 Qd4 32. Qxd4 exd4 33. Kc1 Re8 34.
Re1 Be5 35. Rg1 Bf6 36. Bd3 Kf8 37. Kd2 Ke7 38. Rf1 Rh8 39. Rf3 Be5 40. Ke2
1/2-1/2

[Event "Championnat de France des Jeunes - Pupi"]
[Site "TROYES"]
[Date "2010.04.14"]
[Round "5.2"]
[White "Rambaldi, Francesco"]
[Black "Duval, Thomas"]
[Result "0-1"]
[WhiteElo "1952"]
[BlackElo "1810"]
[PlyCount "102"]

1. c4 e5 2. g3 Nf6 3. Bg2 Nc6 4. Nc3 Bc5 5. e3 O-O 6. Nge2 a6 7. O-O d6 8. a3
Bg4 9. b4 Ba7 10. h3 Bf5 11. d4 exd4 12. exd4 Rb8 13. Be3 Bg6 14. d5 Bxe3 15.
dxc6 Ba7 16. cxb7 Nd7 17. Qa4 Ne5 18. Nf4 Qg5 19. Kh2 Qh6 20. Qxa6 Bd4 21. Ncd5
Bxa1 22. Ne7+ Kh8 23. Rxa1 Qg5 24. Nexg6+ Nxg6 25. Nxg6+ fxg6 26. Rf1 Qd2 27.
Qc6 Qb2 28. Qxc7 Qxa3 29. Qxd6 Qc3 30. Qc5 Qd3 31. b5 Rfe8 32. Qd5 Qb3 33. Qc6
Qd3 34. c5 h6 35. b6 Kh7 36. Qd5 Qb5 37. Qd6 Rxb7 38. Re1 Rbe7 39. Rg1 Qb2 40.
Qf4 Qb5 41. b7 Rxb7 42. Bxb7 Qxb7 43. Rc1 Rc8 44. Qd4 Rc6 45. h4 h5 46. Re1 Qc7
47. Re5 Kh6 48. Rd5 Rf6 49. Rd6 Rf7 50. Qe4 Rxf2+ 51. Kh1 Rf5 0-1